Quiz Tournoi des 6 nations 2024. - Statistiques

Statistiques générales
  • Ce quiz a été pris 96 fois
  • Le résultat moyen est 6 sur 10
Statistiques - réponses
Question Réponse % Correct
Quelle équipe a remporté sa 8e cuillère de bois (que des défaites)? Pays de Galles
100%
Qui a remporté le tournoi cette année? Irlande
88%
Pour la combientième fois ? 24
75%
Contre quelle équipe cette nation a-t-elle chuté pour la seule fois de la compétition ? Angleterre
75%
L'équipe d'Italie, durant cette édition, a réalisé ... son meilleur Tournoi
75%
Qui a été élu meilleur joueur du Tournoi 2024? Tommaso Menoncello (ITA)
75%
Quel joueur a inscrit le plus de points dans le Tournoi? (63 points) Thomas Ramos (FRA)
63%
Quel est le meilleur plaqueur de l'édition? (103 plaquages) Michele Lamaro (ITA)
38%
Quels joueurs ont inscrit le plus grand nombre d'essais durant cette édition ? (5 essais) Duhan Van der Merwe (ECO) et Dan Sheehan (IRL)
25%
Durant quel match y a-t-il eu le plus grand écart au score? (36 points) Irlande vs Italie
13%
Aucun quiz correspondant
Distribution des résultats
% des personnes avec chaque résultat
Percentile par nombre de réponses
Votre historique - résultats
Vous n’avez pas pris ce quiz